000 00619nam a2200181Ia 4500
003 GCL
008 140319s9999 xx 000 0 ara d
040 _aGCL /
_cGCL
082 0 4 _aق
_b962.43
_bن م
100 1 _aعمر طوسون
245 1 0 _aمصر والسودان /
_cعمر طوسون
300 _a32 ص
490 _aالهيئة العامة للاستعلامات
_v0
650 0 4 _aالسودان - تاريخ - العصر الحديث
650 0 4 _aمصر - تاريخ - العصر الحديث (1805 - 1956 )
650 0 4 _aالسودان - الحكم المصرى البريطانى
942 _2ddc
_cBK
999 _c49841
_d49841